000 01136nam0a22002411 4500
001 rc\3422769
005 20260407025605.0
035 _a(NLR Aleph) 007558368
090 _a5275429
_c5275429
100 _a20130115a19699999|||y0rusy50 ca
101 0 _arus
102 _aRU
105 _ay z |||||
200 1 _aСборник аннотаций проектных материалов, выпущенных институтом Гипроспецмонтаж
_fМ-во монтажных исслед. строит. работ СССР. Главнефтемонтаж. ЦБТИ
210 _aМосква
_cБ. и.
_d1969-
309 _aОтпеч. множит. аппаратом
710 0 2 _a"Гипронефтеспецмонтаж", институт
_cМосква
_3RU\NLR\AUTH\8810011397
_9520502
801 0 _aRU
_bNLR
_gpsbo
801 1 _aRU
_bELAR
_2rusmarc
830 _aПеречень имеющихся в библиотеке томов, номеров, годов этого издания смотри в каталоге периодических изданий
852 _aNLR
_jП10/3858
942 _cBOOK
980 _aNB